[Event "ESP-ch U10"]
[Site "Salobrena"]
[Date "2023.07.04"]
[Round "3"]
[White "Veiga Macias, Rodrigo"]
[Black "Petrashko, Vladyslav"]
[Result "1/2-1/2"]
[WhiteElo "1119"]
[BlackElo "1324"]
[PlyCount "115"]
[EventDate "2023.07.03"]
[EventType "swiss"]
[EventRounds "9"]
[EventCountry "ESP"]
[SourceTitle "EXT 2024"]
[Source "ChessBase"]
[SourceDate "2023.10.10"]
[SourceVersion "1"]
[SourceVersionDate "2023.10.10"]
[SourceQuality "1"]

1. e4 e5 2. Nf3 Nc6 3. Bb5 d6 4. d4 exd4 5. Nxd4 Bd7 6. Nc3 Nxd4 7. Bxd7+ Qxd7 8. Qxd4 Nf6 9. Be3 Be7 10. 0-0-0 Rd8 11. Kb1 0-0 12. f4 c5 13. Qd3 a6 14. Nd5 Nxd5 15. Qxd5 b5 16. Bxc5 Qc7 17. Bd4 Rc8 18. Rd2 b4 19. Qb3 a5 20. Re1 Ra8 21. Qg3 f6 22. e5 dxe5 23. fxe5 a4 24. exf6 Qxg3 25. hxg3 Bxf6 26. Bxf6 Rxf6 27. Rd4 Rf2 28. Rxb4 Rxg2 29. Rg4 Rc8 30. c3 a3 31. bxa3 Rxc3 32. Rf4 g6 33. Re8+ Kg7 34. Re7+ Kh6 35. Rff7 Rxa3 36. Rxh7+ Kg5 37. Ra7 Rgxa2 38. Rxa3 Rxa3 39. Kc2 Rxg3 40. Kd2 Kg4 41. Ke2 g5 42. Kf2 Rh3 43. Rg7 Ra3 44. Rg8 Ra2+ 45. Kg1 Ra5 46. Rb8 Kh4 47. Rh8+ Kg3 48. Kf1 g4 49. Rb8 Ra1+ 50. Ke2 Kg2 51. Rh8 g3 52. Rh7 Ra3 53. Rh8 Kg1 54. Rh7 g2 55. Rh8 Ra7 56. Rh6 Re7+ 57. Kd2 Rf7 58. Ke2 1/2-1/2

[Event "ESP-ch U10 Rapid"]
[Site "Salobrena"]
[Date "2022.07.10"]
[Round "5"]
[White "Echeverria Mendivil, Alex"]
[Black "Petrashko, Vladyslav"]
[Result "1/2-1/2"]
[WhiteElo "1078"]
[BlackElo "1234"]
[PlyCount "163"]
[EventDate "2022.07.09"]
[EventType "swiss (rapid)"]
[EventRounds "9"]
[EventCountry "ESP"]
[SourceTitle "EXT 2023"]
[Source "ChessBase"]
[SourceDate "2022.10.05"]
[SourceVersion "1"]
[SourceVersionDate "2022.10.05"]
[SourceQuality "1"]

1. g3 e5 2. Bg2 d5 3. d3 Nf6 4. Nd2 Bd6 5. e4 dxe4 6. dxe4 0-0 7. Ngf3 Nc6 8. 0-0 Bg4 9. h3 Be6 10. Re1 Qd7 11. Nb3 Bxh3 12. Bxh3 Qxh3 13. Bg5 Be7 14. Bh4 Qg4 15. Qe2 Qg6 16. Qb5 a6 17. Qxb7 Qg4 18. Nbd2 Na7 19. Qxc7 Rfe8 20. Qxe5 Bb4 21. Qg5 Qxg5 22. Bxg5 h6 23. Bxf6 gxf6 24. c3 Bc5 25. e5 fxe5 26. Rxe5 Rxe5 27. Nxe5 Rd8 28. b4 Bxb4 29. cxb4 Rxd2 30. Nc4 Rd4 31. Rc1 Nb5 32. a4 Nc7 33. Ne3 Ne6 34. b5 axb5 35. axb5 Rb4 36. Rc8+ Kg7 37. Rb8 Nc7 38. b6 Na6 39. Rb7 Nc5 40. Rc7 Na6 41. Rc6 Nb8 42. Rc2 Rxb6 43. Kg2 Nd7 44. Rc1 Ne5 45. Rh1 Rf6 46. f4 Nd7 47. Kf3 Kg6 48. Kg4 Kh7 49. Nd5 Rg6+ 50. Kf3 Nf6 51. Nxf6+ Rxf6 52. Re1 Kg6 53. Kg4 h5+ 54. Kh4 Kh6 55. Re5 Rg6 56. Rxh5+ Kg7 57. g4 Rf6 58. f5 Rd6 59. Rg5+ Kh6 60. Rh5+ Kg7 61. g5 Rd4+ 62. Kg3 Rd3+ 63. Kf2 Rd2+ 64. Ke3 Rd5 65. Kf4 Rd4+ 66. Ke5 Ra4 67. Kd6 Ra5 68. Ke7 Rxf5 69. Ke8 Kg6 70. Rh8 Kxg5 71. Rg8+ Kf4 72. Ke7 Ke5 73. Rg4 f6 74. Ra4 Rf3 75. Ra5+ Kd4 76. Ra4+ Kc5 77. Ra5+ Kb4 78. Rh5 f5 79. Ke6 f4 80. Rh4 Kc3 81. Ke5 Kd3 82. Rh2 1/2-1/2

[Event "ESP-ch U10 Rapid"]
[Site "Salobrena"]
[Date "2022.07.10"]
[Round "6"]
[White "Petrashko, Vladyslav"]
[Black "Otero Martinez, Jordi"]
[Result "1-0"]
[WhiteElo "1234"]
[BlackElo "1242"]
[PlyCount "73"]
[EventDate "2022.07.09"]
[EventType "swiss (rapid)"]
[EventRounds "9"]
[EventCountry "ESP"]
[SourceTitle "EXT 2023"]
[Source "ChessBase"]
[SourceDate "2022.10.05"]
[SourceVersion "1"]
[SourceVersionDate "2022.10.05"]
[SourceQuality "1"]

1. e4 e5 2. Nf3 Nc6 3. Bc4 Bc5 4. 0-0 Nf6 5. Nc3 0-0 6. d3 h6 7. Be3 Bd4 8. Rb1 Ng4 9. Bxd4 exd4 10. Ne2 Qf6 11. h3 Nge5 12. Nxe5 Nxe5 13. Bb3 Nc6 14. f4 Qe7 15. f5 Qf6 16. Nf4 Ne7 17. Qg4 d6 18. Qg3 Qg5 19. Qxg5 hxg5 20. Ne2 Nc6 21. Bd5 Nb4 22. Nxd4 c5 23. Nf3 Nxc2 24. Nxg5 Ne3 25. Rf3 Nxd5 26. exd5 b6 27. f6 gxf6 28. Rxf6 Ba6 29. Rbf1 Bxd3 30. R1f3 Bg6 31. Rg3 Rad8 32. h4 Kh8 33. h5 Kg7 34. Rf4 Bxh5 35. Ne6+ Kh8 36. Nxf8 Rxf8 37. Rh4 1-0

[Event "ESP-ch U10 Rapid"]
[Site "Salobrena"]
[Date "2022.07.10"]
[Round "7"]
[White "Tallada Serret, Gerard"]
[Black "Petrashko, Vladyslav"]
[Result "1-0"]
[WhiteElo "1764"]
[BlackElo "1234"]
[PlyCount "93"]
[EventDate "2022.07.09"]
[EventType "swiss (rapid)"]
[EventRounds "9"]
[EventCountry "ESP"]
[SourceTitle "EXT 2023"]
[Source "ChessBase"]
[SourceDate "2022.10.05"]
[SourceVersion "1"]
[SourceVersionDate "2022.10.05"]
[SourceQuality "1"]

1. d4 d5 2. Bf4 Nf6 3. e3 e6 4. Nf3 c6 5. c3 Bd6 6. Bg3 b6 7. Nbd2 Bb7 8. Bd3 c5 9. Bb5+ Nc6 10. Ne5 Bxe5 11. dxe5 Nd7 12. 0-0 0-0 13. f4 a6 14. Bd3 c4 15. Bc2 b5 16. Nf3 Qb6 17. Nd4 Nxd4 18. exd4 a5 19. f5 b4 20. Qg4 exf5 21. Qxf5 Qg6 22. Qxd7 Qxc2 23. Qxb7 Qxb2 24. cxb4 axb4 25. Qxd5 Rad8 26. Qxc4 Rxd4 27. Qc1 Qe2 28. Re1 Qb5 29. Qe3 Rfd8 30. Rac1 Rd2 31. Qxd2 Qb6+ 32. Qf2 Qe6 33. Red1 Re8 34. Rd6 Qe7 35. Rf1 h6 36. Bh4 Qc7 37. h3 Rxe5 38. Rd8+ Kh7 39. Qxf7 Qc5+ 40. Bf2 Qc6 41. Qg8+ Kg6 42. Bd4 Rg5 43. Qxg7+ Kh5 44. Qf7+ Kh4 45. Bf2+ Rg3 46. Bxg3+ Kxg3 47. Qf4# 1-0